Contando de dos en dos / (Registro nro. 11731)

Detalles MARC
000 -LIDER
fixed length control field 00782nam a22002537a 4500
001 - NÚMERO DE CONTROL
Identificador de número de control 000622
003 - IDENTIFICACDOR DE NÚMERO DE CONTROL
control field DO-SdBNP
005 - DATE AND TIME OF LATEST TRANSACTION
control field 20180212110311.0
007 - CAMPOS FIJOS DE DESCRIPCIÓN FÍSICA
fixed length control field 000622
008 - ELEMENTOS DE LONGITUD FIJA
fixed length control field 161031b 1996 sp a ||||| |||| 00| 0 spa d
020 ## - ISBN
International Standard Book Number 0673758710
040 ## - FUENTE DE CATALOGACIÓN
Agencia que crea de manera original el registro BPMSU
Idioma de catalogación spa
Agencia que realiza la transcripción BPMSU
082 ## - NÚMERO DE CLASIFICACIÓN DECIMAL DE DEWEY
Classification number xxxx
Item number xxxx
100 1# - ASIENTO PRINCIPAL -- NOMBRE PERSONAL
Nombre personal Hardin, Suzanne
245 10 - MENCIÓN DE TITULO
Título Contando de dos en dos /
Mención de responsabilidad escrito por Suzanne Hardilustrado ilustrado por Melissa Bay Mathis.
260 ## - PUBLICACIÓN, DISTRIBUCIÓN, ETC. (PIE DE IMPRENTA)
Lugar de publicación, distribución, etc Glenview, IL :
Nombre del editor, distribuidor, etc. Celebration Press,
Fecha de publicación, distribución, etc 1996.
300 ## - DESCRIPCIÓN FÍSICA
Extensión 16 p. :
Otros detalles físicos il. ;
Dimensiones 18 cm.
490 1# - MENCIÓN DE SERIES
Mención de serie Pequeñitas celebraciones.
700 12 - ASIENTO SECUNDARIO -- NOMBRE PERSONAL
Nombre personal Bay Mathis, Melissa,
Mención de responsabilidad il.
830 #0 - ASIENTO SECUNDARIO DE SERIE--TÍTULO UNIFORME
Título uniforme Pequeñitas celebraciones
942 ## - ADDED ENTRY ELEMENTS (KOHA)
Source of classification or shelving scheme Dewey Decimal Classification
Koha item type Libros
945 ## - INFORMACIÓN DE PROCESAMIENTO LOCAL
Información de procesamiento local inventariado, 2018 / dg
956 ## - LOCAL ELECTRONIC LOCATION AND ACCESS (OCLC)
Método de acceso LOPEREZ
Materiales especificados 10
Enlace 20161031
Campo enlazado y núm. de secuencia BPMSU
Nombre de host 00041
Existencias
Withdrawn status Lost status Source of classification or shelving scheme Damaged status Not for loan Collection code Home library Current library Date acquired Source of acquisition Total Checkouts Full call number Barcode Date last seen Price effective from Koha item type
    Dewey Decimal Classification     Colección Juvenil General Biblioteca Pública Metropolitana Salomé Ureña Biblioteca Pública Metropolitana Salomé Ureña 10/31/2016 Donación   xxxx xxxx BPMSU16100445 10/31/2016 10/31/2016 Libros